000 00224nam a22000857a 4500
008 170603b xxu||||| |||| 00| 0 eng d
100 _93237
_aShastri, C
245 _aThe Best of Akbar & Birbal
260 _aNew Delhi
_bDevamala Books
999 _c6551
_d6551